Change Leadership in Higher Education: A Practical Guide to Academic Transformation

Détails bibliographiques
Auteur principal: Jeffrey L. Buller
Format: Inconnue
LEADER 00245 a2200085 4500
020 |a 9781118762035 
100 |a Jeffrey L. Buller  |9 59166 
245 |a Change Leadership in Higher Education: A Practical Guide to Academic Transformation 
942 |c BK 
999 |c 47411  |d 47411